| 000 | 00473nam a2200181Ia 4500 | ||
|---|---|---|---|
| 001 | 21291 | ||
| 005 | 20260306172908.0 | ||
| 008 | 260306t2019||||xx |||||||||||||| ||spa|| | ||
| 041 | _aESP | ||
| 082 |
_a344.523 _bB45 |
||
| 100 |
_aBermúdez Tapia, Manuel _eAUT |
||
| 245 | 0 |
_aEl proceso de familia: _bun tratamiento realista del conflicto familiar |
|
| 260 | _c2019 | ||
| 300 |
_a333 páginas : _c25 cm. |
||
| 650 | _aGEN | ||
| 654 | _aCDE | ||
| 942 |
_cLIB _dJUS _fJUS _2ddc _n |
||
| 999 |
_c21291 _d21291 |
||